Los constituyentes de 1870 (Registro nro. 67015)
[ vista simple ]
| 000 -ENCABEZADO | |
|---|---|
| Número de control [NR] | 01919nam a22002777a 4500 |
| 005 - FECHA Y HORA DE LA ÚLTIMA TRANSACCIÓN | |
| control field | 20151112150445.0 |
| 008 - DE LONGITUD FIJA DE DATOS DE ELEMENTOS - INFORMACIÓN GENERAL | |
| Elementos de longitud fija [NR] | 130419s1910||||cl ||||fr|||||101|0|spa|d |
| 040 ## - FUENTE DE CATALOGACION [NR] | |
| Agencia de catalogación original [NR] | Co-BoUCM |
| Idioma de catalogación [NR] | spa |
| Quien Cataloga | Sandra Yazo (modificó) |
| Quien Clasifica | Sandra Yazo (modificó) |
| 041 0# - CODIGO DE IDIOMA [R] | |
| Código de idioma para texto/pista de sonido o título separado [R] | Español |
| 082 04 - NUMERO DE CLASIFICACION DECIMAL DEWEY [R] | |
| Número de clasificación [R] | 320.983 |
| Número de la edición [NR] | 20 |
| 092 ## - SIGNATURA TOPOGRAFICA LOCAL | |
| Número de clasificación local | E02N069 |
| 100 1# - ASIENTO PRINCIPAL--NOMBRE PERSONAL [NR] | |
| Nombre personal [NR] | Arteaga y Alemparte, Justo |
| Fechas asociadas con el nombre [NR] | 1834-1882 |
| ID Autoridad | 36324 |
| 245 14 - MENCION DE TITULO [NR] | |
| Título [NR] | Los constituyentes de 1870 |
| Mención de responsabilidad, etc. [NR] | por don Justo y don Domingo Arteaga Alemparte ; con un bosquejo crítico por don Roberto Huneeus |
| 260 ## - PUBLICACION, DISTRIBUCION, ETC. (PIE DE IMPRENTA) [R] | |
| Lugar de publicación, distribución, etc. [R] | Santiago de Chile (Chile) |
| Nombre del editor, distribuidor, etc. [R] | Imprenta Barcelona |
| Fecha de publicación, distribución, etc. [R] | 1910 |
| 300 ## - DESCRIPCION FISICA [R] | |
| Extensión [R] | lxii, 470 páginas |
| Dimensiones [R] | 21 x 14 cm. |
| 490 #0 - MENCION DE SERIE [R] | |
| Mención de serie [R] | Biblioteca de Escritores de Chile |
| Designación numérica/secuencial del volumen [NR] | 2 |
| 500 ## - NOTA GENERAL [R] | |
| Nota general [NR] | Detalles físicos: Encuadernación rígida en cartón forrado en tela. Tapas residuos de cinta. Guardas. Hoja de cortesía. Anteportada. Portada impresa dos tintas con un motivo decorativo. Remates. Texto impreso en una columna. Notas de pie de página. Ejemplar en buen estado de conservación |
| 505 2# - NOTA DE CONTENIDO CON FORMATO PREESTABLECIDO [R] | |
| Nota de contenido con formato preestablecido [NR] | Introducción ; Don Domingo Santa María ; José Victoriano Lastaría ; Jerónimo Urdaneta ; Manuel Antonio Matta ; Maximiano Errázuriz ; Manuel Luis Amunátegui ; Manuel Rengifo ; Camilo Cobo ; Francisco Echaurren ; Aníbal Pinto ; Francisco Vargas Fuentecilla ; Manuel J Irarrázaval ; Zorobabel Rodríguez ; Guillermo Matta ; Federico Errázuriz ; José Manuel Balmaceda ; Cornelio Saavedra ; Ambrosio Montt ; Joaquín Blest Gana ; Aniceto Vergara Albano ; Miguel Cruchaga ; Isidro Errázuriz ; Vicente Izquierdo; Mariano Sánchez Fontecilla ; Conclusión |
| 506 ## - NOTA DE RESTRICCIONES DE ACCESO [R] | |
| Condiciones de acceso [NR] | Consulta en sala |
| 651 #4 - ASIENTO SECUNDARIO DE MATERIA - NOMBRE GEOGRAFICO [R] | |
| Nombre geográfico [NR] | Chile |
| Subdivisión general [R] | Política y gobierno |
| -- | Historia |
| 9 (RLIN) | 26603 |
| 651 14 - ASIENTO SECUNDARIO DE MATERIA - NOMBRE GEOGRAFICO [R] | |
| Nombre geográfico [NR] | Chile |
| Geographic name following place entry element [OBSOLETE] | Congreso Constituyente |
| Subdivisión cronológica [R] | 1870 |
| 9 (RLIN) | 26603 |
| 690 ## - ASUNTO AGREGADO LOCAL DE ENTRADA - TÉRMINO TEMÁTICO (OCLC, RLIN) | |
| 9 (RLIN) | 42754 |
| Acceso temático local | Ciencia política |
| 700 1# - ASIENTO SECUNDARIO - NOMBRE PERSONAL [R] | |
| Nombre personal [NR] | Arteaga y Alemparte, Domingo |
| Fechas asociadas con el nombre [NR] | 1835-1880 |
| 9 (RLIN) | 36325 |
| 700 1# - ASIENTO SECUNDARIO - NOMBRE PERSONAL [R] | |
| Nombre personal [NR] | Huneeus y Gana, Roberto |
| Fechas asociadas con el nombre [NR] | 1867-1926 |
| 9 (RLIN) | 36326 |
| 942 ## - ELEMENTOS DE ENTRADA AGREGADOS (KOHA) | |
| Tipo de ítem principal el descrito en 300a | Libro |
| Edición | 1 |
| Tema principal | 8 |
| Sistema de clasificación | LOCAL |
| Clasificación | E02N069 |
| Suprimido | Perdido | Sistema de clasificación | Dañado | No prestable | Tipo de ítem específico | Ubicación habitual | Ubicación actual | Localización | Fecha de creación | Forma de adquisición | Costo | Total préstamos | Signatura topográfica | Código de barras | Última vez visto | Ejemplar | Price effective from | Tipo de ítem |
|---|---|---|---|---|---|---|---|---|---|---|---|---|---|---|---|---|---|---|
| LOCAL | Libro archivo | Archivo Histórico | Archivo Histórico | Archivo histórico | 24/04/2013 | Donación | 0.00 | E02N069 | L000284 | 15/12/2012 | Ej.1 | 03/02/2013 | Libro |